000
00299nam a22001337a 4500
008
170207b xxu||||| |||| 00| 0 eng d
020
_a
9780679412908
041
_a
eng
080
_a
61
100
_a
3
101
_a
SHM
245
_a
AMERICAN MEDICAL ASSOCAITION
_c
CHARLES CLAYMAN
942
_2
udc
_c
BK
999
_c
4781
_d
4781